"Do Not Travel" Countries for French Citizens - Statistics

General Stats
  • This quiz has been taken 245 times
  • The average score is 7 of 9
Answer Stats
Answer % Correct
Iraq
91%
Syria
91%
Afghanistan
90%
Yemen
79%
Somalia
77%
Mali
72%
South Sudan
69%
Libya
64%
Central African Republic
62%
No matching quizzes found
Score Distribution
Percent of People with Each Score
Percentile by Number Answered
Your Score History
You have not taken this quiz